Normal view
MARC view
Entry Topical Term
001 - CONTROL NUMBER
- control field: 2467
003 - CONTROL NUMBER IDENTIFIER
- control field: ARRUPE
005 - DATE AND TIME OF LATEST TRANSACTION
- control field: 20131011122726.0
008 - FIXED-LENGTH DATA ELEMENTS
- fixed length control field: 131011|| aca||aabn | a|a d
040 ## - CATALOGING SOURCE
- Original cataloging agency: ARRUPE
- Transcribing agency: ARRUPE
150 ## - HEADING--TOPICAL TERM
- Topical term or geographic name as entry element: Genocide
- Geographic subdivision: Rwanda.
670 ## - SOURCE DATA FOUND
- Source citation: Work cat.: (ARRUPE)0: Abdulai, Napoleon 2466, Genocide in Rwanda :, 1994.